| 000 | 01053nam0a22002651 4500 | ||
|---|---|---|---|
| 001 | rc\3027098 | ||
| 005 | 20260407201207.0 | ||
| 035 | _a(NLR Aleph) 007168320 | ||
| 090 |
_a7319888 _c7319888 |
||
| 100 | _a20091014d1946 |||y0rusy50 ca | ||
| 101 | 0 | _arus | |
| 102 | _aRU | ||
| 105 | _aa z ||||y | ||
| 200 | 1 |
_aПисьма с фронта _e[Сборник] _fАрхив. отд. МВД Туркм. ССР |
|
| 210 |
_aАшхабад _cТуркменгосиздат _d1946 _gПолиграфкомбинат Упр. по делам печати |
||
| 215 |
_a181 с. _cил. _d20 см |
||
| 300 | _aПодгот. к печати: М.И. Музыкантова, Е.Н. Куприкова | ||
| 702 | 1 |
_aМузыкантова _bМ.И. _4570 |
|
| 702 | 1 |
_aКуприкова _bЕ.Н. _4570 |
|
| 712 | 0 | 1 |
_4570 _aТССР _bМинистерство внутренних дел _bАрхивный отдел _3RU\NLR\AUTH\8810131965 _9760508 |
| 801 | 0 |
_aRU _bNLR _gpsbo |
|
| 801 | 1 |
_aRU _bELAR _2rusmarc |
|
| 852 |
_aNLR _jИр50 Г-3/89 |
||
| 942 | _cBOOK | ||
| 980 | _aNB | ||